| 000 | 00705nam a22002411c 4500 | ||
|---|---|---|---|
| 001 | a987689829 | ||
| 008 | 180704s2018 gw |||| 000u rus d | ||
| 020 |
_a9785852094148 _9978-5-85209-414-8 |
||
| 041 | _arus | ||
| 100 | 1 | _aVoznesenskij, Aleksandr Nikolaevič | |
| 245 | 0 | 0 | _aMoskva v 1917 godu |
| 250 | _aReprint der Ausgabe von 1928 | ||
| 264 |
_aMoskva, _c2018 |
||
| 300 | _a302 Seiten | ||
| 650 | 0 | _aOktoberrevolution | |
| 650 | 0 | _aFebruarrevolution <1917, Russland> | |
| 651 | 0 | _aMoskau | |
| 710 | 2 | _aGosudarstvennaja publičnaja istoričeskaja biblioteka Rossii | |
| 942 | _cMG | ||
| 040 | _cRU-10907106 | ||
| 003 | RU-10907106 | ||
| 999 |
_c50225 _d50225 |
||
| 490 | 0 | _aK 100-letiju Velikoj rossijskoj revoljucii | |